Multiscale modeling and simulation of composite materials and structures / (Record no. 11093)
[ view plain ]
| 000 -LEADER | |
|---|---|
| fixed length control field | 01252cam a22003015a 4500 |
| 001 - CONTROL NUMBER | |
| control field | 14890260 |
| 005 - DATE AND TIME OF LATEST TRANSACTION | |
| control field | 20201128013548.0 |
| 008 - FIXED-LENGTH DATA ELEMENTS--GENERAL INFORMATION | |
| fixed length control field | 070613s2007 nyu 000 0 eng |
| 010 ## - LIBRARY OF CONGRESS CONTROL NUMBER | |
| LC control number | 2007930778 |
| 020 ## - INTERNATIONAL STANDARD BOOK NUMBER | |
| International Standard Book Number | 9780387363189 (hard cover : alk. paper) |
| 020 ## - INTERNATIONAL STANDARD BOOK NUMBER | |
| International Standard Book Number | 0387363181 (hard cover : alk. paper) |
| 040 ## - CATALOGING SOURCE | |
| Original cataloging agency | DLC |
| Transcribing agency | DLC |
| Modifying agency | DLC |
| 082 ## - DEWEY DECIMAL CLASSIFICATION NUMBER | |
| Edition number | 22 |
| Classification number | 620.1180 |
| Item number | MUL |
| 245 00 - TITLE STATEMENT | |
| Title | Multiscale modeling and simulation of composite materials and structures / |
| Statement of responsibility, etc | [edited by] Young W. Kwon, David H. Allen, Ramesh R. Talreja. |
| 260 ## - PUBLICATION, DISTRIBUTION, ETC. (IMPRINT) | |
| Place of publication, distribution, etc | New York : |
| Name of publisher, distributor, etc | Springer, |
| Date of publication, distribution, etc | 2007. |
| 263 ## - PROJECTED PUBLICATION DATE | |
| Projected publication date | 0710 |
| 300 ## - PHYSICAL DESCRIPTION | |
| Extent | 630p.: |
| Other physical details | ill.; |
| Dimensions | 25 cm. |
| 650 ## - SUBJECT ADDED ENTRY--TOPICAL TERM | |
| 9 (RLIN) | 2298 |
| Topical term or geographic name as entry element | Composite materials |
| General subdivision | Computer simulation |
| 650 ## - SUBJECT ADDED ENTRY--TOPICAL TERM | |
| 9 (RLIN) | 2302 |
| Topical term or geographic name as entry element | Composite materials |
| General subdivision | Mathematical models |
| 700 ## - ADDED ENTRY--PERSONAL NAME | |
| 9 (RLIN) | 2668 |
| Personal name | Talreja, R. |
| 700 ## - ADDED ENTRY--PERSONAL NAME | |
| 9 (RLIN) | 2667 |
| Personal name | Allen, David H. |
| Dates associated with a name | 1950- |
| 700 ## - ADDED ENTRY--PERSONAL NAME | |
| 9 (RLIN) | 2666 |
| Personal name | Kwon, Young W. |
| Dates associated with a name | 1950- |
| 856 42 - ELECTRONIC LOCATION AND ACCESS | |
| Materials specified | Contributor biographical information |
| Uniform Resource Identifier | <a href="http://www.loc.gov/catdir/enhancements/fy0824/2007930778-b.html">http://www.loc.gov/catdir/enhancements/fy0824/2007930778-b.html</a> |
| 856 42 - ELECTRONIC LOCATION AND ACCESS | |
| Materials specified | Publisher description |
| Uniform Resource Identifier | <a href="http://www.loc.gov/catdir/enhancements/fy0824/2007930778-d.html">http://www.loc.gov/catdir/enhancements/fy0824/2007930778-d.html</a> |
| 856 41 - ELECTRONIC LOCATION AND ACCESS | |
| Materials specified | Table of contents only |
| Uniform Resource Identifier | <a href="http://www.loc.gov/catdir/enhancements/fy0824/2007930778-t.html">http://www.loc.gov/catdir/enhancements/fy0824/2007930778-t.html</a> |
| 942 ## - ADDED ENTRY ELEMENTS (KOHA) | |
| Source of classification or shelving scheme | Dewey Decimal Classification |
| Item type | Book - Borrowing |
| Withdrawn status | Item status | Source of classification or shelving scheme | Damaged status | Not for loan | Vendor | Home library | Current library | Shelving location | Date acquired | Source of acquisition | Cost, normal purchase price | Serial Enumeration / chronology | Total Checkouts | Total Renewals | Full call number | Barcode | Date last seen | Date last borrowed | Koha item type |
|---|---|---|---|---|---|---|---|---|---|---|---|---|---|---|---|---|---|---|---|
| Dewey Decimal Classification | Alahram | Central Library | Central Library | First floor | 22/03/2009 | 858.00 | 380 | 2 | 21 | 620.1180 MUL | 000015450 | 15/07/2025 | 26/10/2015 | Book - Borrowing |